POLITICAL THEORY AN INTRODUCTION (Record no. 5718)

MARC details
000 -LEADER
fixed length control field 00335nam a22001337a 4500
005 - DATE AND TIME OF LATEST TRANSACTION
control field 20210831131032.0
008 - FIXED-LENGTH DATA ELEMENTS--GENERAL INFORMATION
fixed length control field 180628b xxu||||| |||| 00| 0 eng d
041 ## - LANGUAGE CODE
Language code of text/sound track or separate title eng
100 ## - MAIN ENTRY--AUTHOR NAME
Personal name HEYWOOD, ANDREW
245 ## - TITLE STATEMENT
Title POLITICAL THEORY AN INTRODUCTION
260 ## - PUBLICATION, DISTRIBUTION, ETC. (IMPRINT)
Place of publication NEW YORK
Name of publisher MACMILLAN EDUCATION
Year of publication 1994
300 ## - PHYSICAL DESCRIPTION
Number of Pages 417p,
942 ## - ADDED ENTRY ELEMENTS (KOHA)
Koha item type Books
Holdings
Lost status Damaged status Collection code Home library Current library Shelving location Date acquired Source of acquisition Cost, normal purchase price Full call number Accession Number Koha item type
    Reference JRU Library JRU Library SHELF-1-D 28/06/2018 PURCHASE 634.05 320.01 22396 Books
    LAW JRU Library JRU Library SHELF-30-F 28/06/2018   634.05   22397 Books